Color the Historical Flags #7 - Statistics

General Stats
  • This quiz has been taken 188 times
  • The average score is 4 of 6
Answers on the Map
Answers color-coded by a green-red scale on the quiz's map according to % correct below.
 
Answer Stats
Answer % Correct
Black
74%
Green
71%
Yellow/Gold
71%
White
67%
Red
66%
Blue
51%
No matching quizzes found
Score Distribution
Percent of People with Each Score
Percentile by Number Answered
Your Score History
You have not taken this quiz